1263 1503 1181 1228 1306 1011 1883 1438 1590 1592 1611 1470 1019 1465 1998 1648 1332 1104 1259 1161 1245 1216 1377 1274 1514 1887 1749 1581 1697 1191 1515 1956 1990 1360 1392 1815 1694 1766 1686 1039 1906 1324 1282 1422 1951 1674 1453 1312 1689 1692 1194 1718 1537 1960 1524 1423 1926 1083 1653 1186 1120 1069 1489 1016 1054 1258 1214 1136 1461 1975 1095 1414 1145 1228 1004 1402 1275 1698 1853 1943 1422 1155 1177 1387 1388 1624 1760 1505 1537 1704 1149 1666 1577 1189 1077 1338 1332 1136 1786 BCNSPRNW ULIB Ver.6.0+V

เปลี่ยนเป็นภาษาไทย

Change to English
 แสดงรายละเอียดบรรณานุกรม
  กลับหน้าหลัก

Brief Record : Get Marc (ISO 2709) : E-mail record : QR code < ปิดหน้าต่าง
LEADER : 00000nam 2200000uu 4500
001    13399108873
003     ULIB
008    110315s2551||||th 000 0 tha d
020    9789744224811
060  4 WY100^bส691ค 2551
110 1  กระทรวงสาธารณสุข^bกรมการแพทย์^bสำนักงานการพยาบาล
245 00 ความรู้ ทักษะ และตัวชี้วัดเฉพาะงานการพยาบาล:ใน5จังหวัดชายแดนภาคใต้/^cบรรณาธิการ,จินนะรัตน์ ศรีภัทรภิญโญ,อัมภา ศรารัชต์
260    นนทบุรี:^bสำนักงานการพยาบาล,^c2551
300    161 หน้า
650  7 ทักษะการพยาบาล
945    ^p0^l0^i025739
995    ทศพร
999 ^a ใช้งานได้ทุกระบบ
รายการนี้ยังไม่มีแท็ก
คุณยังไม่ได้ล็อกอิน คุณสามารถมีกิจกรรมร่วมกับเว็บไซต์ได้ แต่ต้องล็อกอินก่อน ::
  ล็อกอิน

รายการสื่อสารสนเทศ

ลำดับที่ ประเภท เลขเรียก/บาร์โค้ด สถานที่ สถานะ
- ไม่พบข้อมูล -

BibComment


ยังไม่เคยถูกคอมเมนท์

คอมเมนท์ทรัพยากรรายการนี้
  คอมเมนท์: ความรู้ ทักษะ และ..


 Copyright 2026. Bcnsprnw @Library